000 00960nas a2200253 4500
001 BR7306222
003 BR-BrBNA
005 20231205082604.0
007 ta
008 230509b bl.|||p| |||| 00| 00por d
040 _aBR-BrBNA
_bpor
_cBiblioteca Nacional de Agricultura
041 _a(Pt)
072 _aL72
100 1 _aArregui, L.A.
100 1 _aLaranja, R.J.
100 1 _aArteche, C.C.P.
245 1 _aResistencia do carrapato Boophilus microplus (Canestrini 1888), 1: determinacao da C.I.P.V. 50 in vitro, dos carrapaticidas organo-fosforados usados no Rio Grande do Sul, frente a teleoginas de uma estirpe sensivel [Brasil]
650 _aCARRAPATO
650 _aCARRAPATICIDA ORGANO-FOSFORADO
650 _aRIO GRANDE DO SUL
773 0 _tBoletim do Instituto de Pesquisas Veterinarias Desiderio Finamor (Brazil)
_xISSN 0100-2740
_g(1975), v. 1 (3) p. 101-111
_wBR7306222
909 _a202311
_bLúcia
_c55
_dLúcia Elande
942 _2AGRIS
_n0
_cANA
999 _c93043
_d93043